000 00337 a2200157 4500
001 160272
020 _a
040 _cMagnum
100 _aBandeira, Pedro
240 1 0 _aPor enquanto sou pequeno
_lpor
245 1 0 _aPor enquanto sou pequeno
362 0 _a1899
440 1 _aModerna
697 _aI/AVENTURA, CRIANCAS
942 _cBK
999 _c160272
_d160272